000 00370nam a2200133Ia 4500
005 20260326100046.0
008 260326s9999||||xx |||||||||||||| ||und||
100 _aRubiano Caballero, Germán
245 0 _aLa Escultura en América Siglo XX /
_cGermán Rubiano Caballero
260 _bUniversidad Nacional de Colombia
300 _a118 p.
650 _aARTE
942 _cBK
999 _c7186
_d7186